Mathematical methods in chemical engineering (Record no. 25039)

000 -LEADER
fixed length control field 00548nam a22002051 4500
001 - CONTROL NUMBER
control field 25039
003 - CONTROL NUMBER IDENTIFIER
control field BD-DhUET
008 - FIXED-LENGTH DATA ELEMENTS--GENERAL INFORMATION
fixed length control field 730313s1963 xx 000 0 eng
040 ## - CATALOGING SOURCE
Original cataloging agency DLC
Transcribing agency OClU
Modifying agency BD-DhUET
082 ## - DEWEY DECIMAL CLASSIFICATION NUMBER
Classification number 660.28
Item number JEN/1963
100 ## - MAIN ENTRY--PERSONAL NAME
Personal name Jenson, V. G.
245 10 - TITLE STATEMENT
Title Mathematical methods in chemical engineering
250 ## - EDITION STATEMENT
Edition statement 1st ed.
260 ## - PUBLICATION, DISTRIBUTION, ETC. (IMPRINT)
Place of publication, distribution, etc. London
Name of publisher, distributor, etc. Academic Press
Date of publication, distribution, etc. 1963
300 ## - PHYSICAL DESCRIPTION
Extent xi, 556 p.
Other physical details illus.
Dimensions 24cm.
504 ## - BIBLIOGRAPHY, ETC. NOTE
Bibliography, etc Includes bibliographies
650 #0 - SUBJECT ADDED ENTRY--TOPICAL TERM
Topical term or geographic name as entry element Chemical engineering
700 ## - ADDED ENTRY--PERSONAL NAME
Personal name Jeffreys, G. V.
942 ## - ADDED ENTRY ELEMENTS (KOHA)
Koha item type General Book
Holdings
Koha item type Koha date last seen Price effective from Copy number Date acquired Location (home branch) Damaged status Source of classification or shelving scheme Koha normalized classification for sorting Piece designation (barcode) Withdrawn status Shelving location Koha full call number Lost status Sublocation or collection (holding branch) Not for loan
General Book2015-05-122015-05-1212015-05-12Central Library, BUET  660_280000000000000_JEN_196322438 Circulation section660.28/JEN/1963 Central Library, BUET 
General Book2015-05-122015-05-1222015-05-12Central Library, BUET  660_280000000000000_JEN_196322440 Circulation section660.28/JEN/1963 Central Library, BUET 
General Book2015-05-122015-05-1232015-05-12Central Library, BUET  660_280000000000000_JEN_196322434 Circulation section660.28/JEN/1963 Central Library, BUET 
General Book2015-05-182015-05-1842015-05-18Central Library, BUET  660_280000000000000_JEN_196322432 Circulation section660.28/JEN/1963 Central Library, BUET 
General Book2015-05-182015-05-1852015-05-18Central Library, BUET  660_280000000000000_JEN_196322435 Circulation section660.28/JEN/1963 Central Library, BUET 
General Book2015-05-182015-05-1862015-05-18Central Library, BUET  660_280000000000000_JEN_196329450 Circulation section660.28/JEN/1963 Central Library, BUET 
General Book2015-05-182015-05-1872015-05-18Central Library, BUET  660_280000000000000_JEN_196329449 Circulation section660.28/JEN/1963 Central Library, BUET 
General Book2015-05-182015-05-1882015-05-18Central Library, BUET  660_280000000000000_JEN_196329448 Circulation section660.28/JEN/1963 Central Library, BUET 
General Book2015-05-182015-05-1892015-05-18Central Library, BUET  660_280000000000000_JEN_196329457 Circulation section660.28/JEN/1963 Central Library, BUET 
General Book2015-05-182015-05-18102015-05-18Central Library, BUET  660_280000000000000_JEN_196329454 Circulation section660.28/JEN/1963 Central Library, BUET 
General Book2015-05-182015-05-18112015-05-18Central Library, BUET  660_280000000000000_JEN_196329453 Circulation section660.28/JEN/1963 Central Library, BUET 
General Book2015-05-182015-05-18122015-05-18Central Library, BUET  660_280000000000000_JEN_196329451 Circulation section660.28/JEN/1963 Central Library, BUET 
General Book2015-05-182015-05-18132015-05-18Central Library, BUET  660_280000000000000_JEN_196322431 Circulation section660.28/JEN/1963 Central Library, BUET 
General Book2015-05-182015-05-18142015-05-18Central Library, BUET  660_280000000000000_JEN_196329452 Circulation section660.28/JEN/1963 Central Library, BUET 
General Book2015-05-182015-05-18152015-05-18Central Library, BUET  660_280000000000000_JEN_196322436 Circulation section660.28/JEN/1963 Central Library, BUET 
Reading Item2015-06-172015-06-17162015-06-17Central Library, BUET  660_280000000000000_JEN_196329456 Reading section660.28/JEN/1963 Central Library, BUET 
Reading Item2015-06-182015-06-18172015-06-18Central Library, BUET  660_280000000000000_JEN_196329455. Reading section660.28/JEN/1963 Central Library, BUET 
Reading Item2015-07-102015-07-10182015-07-10Central Library, BUET  660_280000000000000_JEN_196322439 Reading section660.28/JEN/1963 Central Library, BUET